Statistics for Popular Minecraft youtubers 2

Click here to take the quiz!

General Stats

  • This quiz has been taken 52 times
  • The average score is 1 of 11

Answer Stats

# of subsAnswer% Correct
109M subs (may have quit Minecraft)PewDiePie
95%
16.3M subsSSundee
24%
11.2M subs (war with ytber above??)CaptainSparklez
11%
5.38M subsJeromeASF
5%
2.55M subsBionic
3%
4.43M subsMooseCraft
3%
2M subsDoni Bobes
0%
4.19M subsiBallisticSquid
0%
6.82M subs (may have quit Minecraft)MoreAliA
0%
11.3M subsSky does everything
0%
3.43M subs (may have quit Minecraft)Socksfor1
0%

Score Distribution

Percentile by Number Answered

Percent of People with Each Score

Your Score History

You have not taken this quiz